000 00585nam a22002177a 4500
003 ITZ
005 20240216142539.0
008 240216b |||||||| |||| 00| 0 spa d
020 _a978-1-4562-8496-1
035 _a17677
041 _aspa
050 _aQC793.3C58
_bM667 2021
082 _a530
_bM821f 2021
100 1 _aMoore, Thomas A.
245 _aFisica V. ll /
_cThomas A. Moore
250 _a1 EspaƱol / 3 Ingles
260 _aMexico:
_bMc Graw Hill
_c2021
300 _axxvll, 621p.
_bil. /
_c27 cm
650 _a1. LEYES DE LA CONSERVACION(FISICA)-MANUALES
942 _cBK
999 _c29291
_d29291